The future with microelectronics : (Record no. 8756)
[ view plain ]
| 000 -LEADER | |
|---|---|
| fixed length control field | 00882cam a2200241 i 4500 |
| 001 - CONTROL NUMBER | |
| control field | 1335621 |
| 005 - DATE AND TIME OF LATEST TRANSACTION | |
| control field | 19790906000000.0 |
| 008 - FIXED-LENGTH DATA ELEMENTS--GENERAL INFORMATION | |
| fixed length control field | 790307s1979 enk 000 0 eng |
| 010 ## - LIBRARY OF CONGRESS CONTROL NUMBER | |
| LC control number | 79001904 |
| 020 ## - INTERNATIONAL STANDARD BOOK NUMBER | |
| International Standard Book Number | 0893970557 : |
| 040 ## - CATALOGING SOURCE | |
| Original cataloging agency | DLC |
| Transcribing agency | DLC |
| Modifying agency | DLC |
| 050 00 - LIBRARY OF CONGRESS CALL NUMBER | |
| Classification number | QA76.9.C66 |
| Item number | B37 1979 |
| 100 1# - MAIN ENTRY--PERSONAL NAME | |
| Personal name | Barron, Iann. |
| 245 14 - TITLE STATEMENT | |
| Title | The future with microelectronics : |
| Remainder of title | forecasting the effects of information technology / |
| Statement of responsibility, etc | Iann Barron, Ray Curnow. |
| 260 ## - PUBLICATION, DISTRIBUTION, ETC. (IMPRINT) | |
| Place of publication, distribution, etc | London : |
| Name of publisher, distributor, etc | F. Pinter ; |
| Place of publication, distribution, etc | New York : |
| Name of publisher, distributor, etc | Nichols Pub. Co., |
| Date of publication, distribution, etc | 1979. |
| 300 ## - PHYSICAL DESCRIPTION | |
| Extent | 243 p. ; |
| Dimensions | 23 cm. |
| 650 #0 - SUBJECT ADDED ENTRY--TOPICAL TERM | |
| Topical term or geographic name as entry element | Computers and civilization. |
| 650 #0 - SUBJECT ADDED ENTRY--TOPICAL TERM | |
| Topical term or geographic name as entry element | Microelectronics. |
| 650 #0 - SUBJECT ADDED ENTRY--TOPICAL TERM | |
| Topical term or geographic name as entry element | Microcomputers. |
| 700 1# - ADDED ENTRY--PERSONAL NAME | |
| Personal name | Curnow, R. C., |
| Relator term | joint author. |
| 942 ## - ADDED ENTRY ELEMENTS (KOHA) | |
| Source of classification or shelving scheme | Library of Congress Classification |
| Item type | Book |
| Withdrawn status | Lost status | Source of classification or shelving scheme | Damaged status | Not for loan | Collection code | Home library | Current library | Shelving location | Date acquired | Total Checkouts | Full call number | Barcode | Date last borrowed | Price effective from | Koha item type |
|---|---|---|---|---|---|---|---|---|---|---|---|---|---|---|---|
| Library of Congress Classification | Non-fiction | Bishop Okullu Memorial Library (Limuru Campus) | Bishop Okullu Memorial Library (Limuru Campus) | General Circulation | 15/12/2008 | 1 | QA76.9.C66 B37 1979 | 017931 | 22/11/2013 | 15/12/2008 | Book |